000 01158cam a2200289 i 4500
001 55025
003 Mx-PuUPA
005 20230428102310.0
008 140415s2016 mx aho r 000 0 spa d
020 _a9786078093762
040 _aMX-PuUPA
_bspa
_erda
_cMx-PuUPA
_dMx-PuUPA
041 _aspa
245 0 0 _aAquí se narra :
_bestudios sobre el acontecimiento guadalupano /
_cGerardo Valle Flores, David Sánchez Sánchez, José de Jesús Hernández Roldán [y otros tres].
264 1 _aPuebla, México :
_bCentro de Estudios Guadalupanos,
_bUniversidad Popular Autónoma del Estado de Puebla,
_c2016
300 _a126 páginas :
_bilustraciones, facsímil, fotografías ;
_c22 cm.
336 _atexto
_2rdacontent
_btxt
337 _asin medio
_2rdamedia
_bn
338 _avolumen
_2rdacarrier
_bnc
650 7 _aVirgen de Guadalupe
_zHistoria
_2armarc
700 1 _aValle Flores, Gerardo,
_eautor
_94518
700 1 _aSánchez Sánchez, David,
_eautor
_913259
700 1 _aHernández Roldán, José de Jesús,
_eautor
_98853
942 _2ddc
_cLI
_h232.9109
_iA656
999 _c55025
_d55025